|
|
|
|
| LEADER |
00000nab#a22000007a#4500 |
| 001 |
arbauad029312 |
| 003 |
AR-BaUAD |
| 005 |
20250711112355.0 |
| 008 |
971125|||||||||###||||||b###|0###a|spa|| |
| 040 |
|
|
|a AR-BaUAD
|c AR-BaUAD
|b spa
|
| 100 |
|
|
|a Padovani, Maddalena
|
| 245 |
|
|
|a Energia del vuoto /
|c Maddalena Padovani;
|
| 300 |
0 |
|
|b fot., plantas
|
| 653 |
|
|
|a ITALIA
|
| 653 |
|
|
|a MILAN
|
| 653 |
|
|
|a CALATRONI, SERGIO
|
| 653 |
|
|
|a GIOVANDITTO, ANTONIO PIO
|
| 653 |
|
|
|a KANESHIRO, MASAMI
|
| 653 |
|
|
|a RASETTI, SABRINA
|
| 653 |
|
|
|a LOCALES COMERCIALES
|
| 653 |
|
|
|a INDUMENTARIA
|
| 653 |
|
|
|a EQUIPAMIENTO
|
| 653 |
|
|
|a DISEÑO DE INTERIORES
|
| 653 |
|
|
|a DISEÑO INDUSTRIAL
|
| 773 |
0 |
|
|t INTERNI
|g no. 474 [oct. 1997], p. 90-95
|
| 942 |
|
|
|c ARTI
|
| 952 |
|
|
|0 0
|1 0
|4 0
|7 0
|9 74231
|a AR-BAuAD
|b AR-BAuAD
|d 2025-07-11
|l 0
|p AAQA029312
|r 2025-07-11 11:23:55
|w 2025-07-11
|y ARTI
|
| 990 |
|
|
|a AQ199
|b TD
|
| 990 |
|
|
|a DI199
|b TD
|
| 990 |
|
|
|a DT199
|b TD
|
| 998 |
|
|
|a AAQ
|b BIBUN76
|
| 999 |
|
|
|c 53904
|d 53904
|